Development assistance

Definícia rozvojovej pomoci. Niektoré modely rozvojovej pomoci, história rozvojovej pomoci. Podmienky rozvojovej pomoci. Rozsah rozvojovej pomoci vo svete. Hodnotenie zahraničnej pomoci podľa Svetovej banky.

Enregistré dans:
Détails bibliographiques
Auteur principal: Jeníček, Vladimír
Autres auteurs: Krepl, Vladimír
Format: Chapitre de livre
Langue:anglais
Sujets:
Tags: Ajouter un tag
Pas de tags, Soyez le premier à ajouter un tag!

MARC

LEADER 00000naa$a2200000$$$4500
001 0045021
005 20231114071535.3
041 0 |a eng 
044 |a CZ 
245 1 0 |a Development assistance  |c Vladimír Jeníček, Vladimír Krepl 
520 |a Definícia rozvojovej pomoci. Niektoré modely rozvojovej pomoci, história rozvojovej pomoci. Podmienky rozvojovej pomoci. Rozsah rozvojovej pomoci vo svete. Hodnotenie zahraničnej pomoci podľa Svetovej banky. 
610 2 0 |a krajiny rozvojové 
610 2 0 |a pomoc rozvojová 
610 2 0 |a pomoc zahraničná 
610 2 0 |a svet 
610 2 0 |a definície 
610 2 0 |a história 
100 1 |a Jeníček, Vladimír 
700 1 |a Krepl, Vladimír